000 00340nam a2200145Ia 4500
008 230917s9999||||xx |||||||||||||| ||und||
040 _e185743
_aMAIN
041 _aEnglish
082 _a821.8 Y34B:Y
100 _aBloom, Harold
245 0 _aYeats
260 _aOxford
_bOxford University Press
_c1972
300 _a500 p.
942 _cBK
999 _c152982
_d152982